Tres ensayos de critica literaria /

Guardado en:
Autor Principal: Dionisio De Halicarnaso
Formato: Libro
Publicado: Madrid : Alianza, 1992
Series:Seccion Literatura
Materias:
Etiquetas: Agregar Etiqueta
Sin Etiquetas, Sea el primero en etiquetar este registro!
LEADER 00625nam a22002055a 4500
001 EHU.bham025772
003 AR-BHAM
005 20110309145145.0
008 130507s1992##################000#0#####d
082 8 8 |a 886 
100 1 |a Dionisio De Halicarnaso 
245 1 0 |a Tres ensayos de critica literaria /  |c Ionisio De Halicarnaso 
260 |a Madrid :  |b Alianza,  |c 1992 
300 |a 234 p. 
490 0 |a Seccion Literatura 
500 |a Trad. Por Vicente Becares Botas 
653 |a Literatura griega 
653 |a Critica literaria 
653 |a Literatura griega-critica 
859 |a AR-BHAM  |b BIB. HUMANIDADES - General  |h 886  |i D622  |p 381.03  |t Ej.1